Datum a čas kvízu

29 Celkem bodů Celkový počet nahraných bodů na tomto kvízu bez doplňovacích otázek.
12. Pořadí na kvízu Konečné umístění týmu na tomto kvízu.

Zaznamenané odpovědi

# Otázka Odpověď Body Výsledky
1. K razantnímu kroku přistoupila... tepláky a crop topy (krátká trika) 0.5
2. Donald Trump a technika se na... eskalátor 0
3. Minulý týden proběhl v Brně me... Straka 1
4. Na jedné technické univerzitě... Ostrava 0
5. Dvěma pilotům formule 1 se min... Carlos Sainz; Charles Leclerc 0.5
6. Gesto, které vidíme na obrázku... 1A 2D 3B 4C 1
7. Gesto na obrázku znamená v mno... o stoletou válku 1
8. Sheldon Cooper v Teorii velkéh... Spocka a tapíra (ještěra) 1
9. Která dvě písmena české dvouru... CH, R 0.5
10. Na výřezu z obrazu francouzské... paroháč (že je mu žena nevěrná) 0